00914 2200325 4500001002100000005001700021008004100038020002200079035002500101041000800126043001200134082001100146090001800157100001800175245009900193260003600292300003100328504001700359650001900376700002800395850001200423990002100435990002100456990002100477990001800498990001800516990001800534990001800552990001800570YOGYA-0511000000013520151021162603.0 ind  a978-979-3065-18-2 a0010-051100000000135 aInd aYOPDYOG a332.11 a332.11bIsm B aIsmail, Madir aBank Indonesia dalam perdebatan politik dan hukum /Maqir Islam; editor, Endhiq Anang Pamungkas aYogyakartabNavila Idea , [s.a] axviii,369 hlmbIlusc21 cm ahlm. 327-357 aBank Indonesia aPamungkas, Endhiq Anang aYOPDYOG a52481-PD/B.10b1 a52480-PD/B.10b1 a52479-PD/B.10b1 a52479-PD/B.10 a52481-PD/B.10 a52480-PD/B.10 a52479-PD/B.10 a52481-PD/B.10